000 00673nam a22002177a 4500
999 _c2858
_d2858
003 AR-CdUCM
008 190305b ||||| |||| 00| 0 spa d
040 _aMUNICIPALIDAD PROVINCIAL DEL CUSCO
_cBIBLIOTECA MUNICIPAL DEL CUSCO
082 _23ed.
_a869.15 /
_bF89
100 _aFuentes, Carlos
_91310
245 _aLas Buenas Conciencias /
260 _aMéxico :
_bFondo de Cultura Económica ;
_c1961.
300 _a191 páginas ;
_c17cm
440 _aColección Popular
_n10
_99908
505 _aNovela
650 _aLiteratura mexicana
_92532
650 _aLiteratura en español
_96075
650 _aLiteratura siglo XX
_91173
942 _2ddc
_cLIBROS
945 _anom